Mitos en acción. 2 : Amor y aventura /
Guardado en:
| Autor Principal: | |
|---|---|
| Formato: | Libro |
| Publicado: |
Buenos Aires :
La Estación,
2014.
|
| Materias: | |
| Etiquetas: |
Agregar Etiqueta
Sin Etiquetas, Sea el primero en etiquetar este registro!
|
| LEADER | 00886nam a22002295a 4500 | ||
|---|---|---|---|
| 001 | CEM.cems019522 | ||
| 008 | 220913s2014##################000#0#####d | ||
| 005 | 20220913102523.0 | ||
| 245 | 1 | 0 | |a Mitos en acción. 2 : |b Amor y aventura / |c Anónimo ; compilado y adaptado por Guillermo Cácharo. |
| 260 | |a Buenos Aires : |b La Estación, |c 2014. | ||
| 300 | |a 128 p. | ||
| 505 | 0 | |a Bienvenidos a la estación de los mitos en acción -- Dido y Eneas -- Ariadna y Teseo -- Psique y Eros -- Eurídice y Orfeo -- Trabajos en la estación | |
| 020 | |a 9789871935291 | ||
| 100 | 1 | |a Cácharo, Guillermo; comp. | |
| 082 | 0 | 4 | |a 888 |
| 653 | |a Literatura | ||
| 653 | |a Literatura juvenil | ||
| 653 | |a Mitos | ||
| 653 | |a Mitos Griegos | ||
| 653 | |a Mitología Griega | ||
| 859 | |a CEMS |b BIB. CEMS - Inicial y Primaria |h 888 |i C113 |p 5623 |t Ej.5 | ||
| 859 | |a CEMS |b BIB. CEMS - Inicial y Primaria |h 888 |i C113 |p 5626 |t Ej.8 | ||
